Statistics for Lesser-Known Irregular Demonyms

Click here to take the quiz!

General Stats

  • This quiz has been taken 33 times
  • The average score is 11 of 23

Answer Stats

HintAnswer% Correct
CyprusCypriot
83%
KosovoKosovar / Kosovan
76%
LiechtensteinLiechtensteiner
72%
LuxembourgLuxembourger
66%
MontenegroMontenegrin
62%
United Arab
Emirates
Emirati
59%
KiribatiI-Kiribati /
Gilbertese
59%
MadagascarMalagasy
55%
VanuatuNi-Vanuatu /
Vanuatuan
55%
El SalvadorSalvadoran
48%
SeychellesSeychellois
48%
MonacoMonégasque
45%
San MarinoSammarinese
45%
Burkina FasoBurkinabe /
Burkinese
41%
Guinea-BissauBissau-Guinean
38%
Central African
Republic
Central African
38%
Equatorial
Guinea
Equatoguinean
38%
LesothoMosotho /
Basotho
34%
MozambiqueMozambican
34%
St. Kitts and
Nevis
Kittitian /
Nevisian
31%
BotswanaMoTswana /
BaTswana
31%
St. Vincent and
the Grenadines
St. Vincentian
31%
EswatiniLiswati /
Emaswati
24%

Score Distribution

Percentile by Number Answered

Percent of People with Each Score

Your Score History

You have not taken this quiz